Communist China and Asia: Challenge to American Policy
Сохранить в:
| Главный автор: | |
|---|---|
| Формат: | |
| Язык: | Undetermined |
| Опубликовано: |
London
Oxford University Press
1960
|
| Предметы: | |
| Метки: |
Добавить метку
Нет меток, Требуется 1-ая метка записи!
|
| Thư viện lưu trữ: | Trung tâm Học liệu Trường Đại học Cần Thơ |
|---|
| LEADER | 00529nam a2200193Ia 4500 | ||
|---|---|---|---|
| 001 | CTU_92570 | ||
| 008 | 210402s9999 xx 000 0 und d | ||
| 082 | |a 951.05 | ||
| 082 | |b B259 | ||
| 100 | |a Barnett, A. Doak | ||
| 245 | 0 | |a Communist China and Asia: | |
| 245 | 0 | |b Challenge to American Policy | |
| 245 | 0 | |c A. Doak Barnett | |
| 260 | |a London | ||
| 260 | |b Oxford University Press | ||
| 260 | |c 1960 | ||
| 650 | |a China foreign relations | ||
| 904 | |i Hiếu | ||
| 980 | |a Trung tâm Học liệu Trường Đại học Cần Thơ | ||